ეთნიკური კულტურა და ტრადიციები / (ბიბ.ჩანაწერი № 38092)
[ მარტივი ფორმატი ]
| 000 -ლიდერი | |
|---|---|
| ფიქსირებული სიგრძის საკონტროლო ველი | 01013nam a2200229Ia 4500 |
| 001 - საკონტროლო ნომერი | |
| საკონტროლო ველი | 4080 |
| 003 - საკონტროლო ნომრის იდენტიფიკატორი | |
| საკონტროლო ველი | GE_BSU |
| 005 - ბოლო ოპერაციის თარიღი და დრო | |
| საკონტროლო ველი | 20190919161748.0 |
| 008 - ფიქსირებული სიგრძის მონაცემთა ელემენტები - ზოგადი ინფორმაცია | |
| ფიქსირებული სიგრძის საკონტროლო ველი | 181216s1978||||ge |||||||||||||| ||geo|| |
| 040 ## - კატალოგიზაციის წყარო | |
| Transcribing agency | GE_BSU |
| 041 ## - ენის კოდი | |
| Language code of text/sound track or separate title | geo |
| 080 ## - უნივერსალური ათობითი კლასიფიკაციის ინდექსი | |
| Universal Decimal Classification number | 39(479.22) მ-26 |
| 100 ## - მთავარი ჩანაწერი - პიროვნების სახელი | |
| Personal name | გეგეშიძე, მიხეილ |
| 9 (RLIN) | 4146 |
| 245 ## - ცნობა სათაურის შესახებ | |
| Title | ეთნიკური კულტურა და ტრადიციები / |
| Statement of responsibility, etc | მიხეილ გეგეშიძე. |
| 264 ## - წარმოების, გამოცემის, დისტრიბუციის და სხვა ცნობები | |
| გამოცემის, წარმოების, დისტრიბუციის... ადგილი | თბ. : |
| გამოცემის, წარმოების, დისტრიბუციის... სახელწოდება | მეცნიერება, |
| გამოცემის, წარმოების, დისტრიბუციის... თარიღი | 1978. |
| 300 ## - ფიზიკური აღწერა | |
| Extent | 201 გვ. ; |
| Other physical details | 22 სმ. |
| 653 ## - INDEX TERM--UNCONTROLLED | |
| Uncontrolled term | ეთნიკური კულტურა |
| 653 ## - INDEX TERM--UNCONTROLLED | |
| Uncontrolled term | ეთნიკური ტრადიციები |
| 653 ## - INDEX TERM--UNCONTROLLED | |
| Uncontrolled term | ქართული წეს-ჩვეულებები |
| 710 ## - ADDED ENTRY--CORPORATE NAME | |
| Corporate name or jurisdiction name as entry element | ივ. ჯავახიშვილის სახ. ისტორიის, არქეოლოგიისა და ეთნოგრაფიის ინ-ტი. |
| 9 (RLIN) | 4147 |
| 942 ## - ADDED ENTRY ELEMENTS (KOHA) | |
| Koha item type | წიგნი |
| Source of classification or shelving scheme | |
| ჩამოწერის სტატუსი | დაკარგული ეგზემპლარის სტატუსი | კლასიფიკაციის წყარო ან თაროზე გაწყობის სქემა | დაზიანების სტატუსი | არ გაიცემა | მუდმივი მდებარეობა (დაცვის ადგილი) | ამჟამინდელი ადგილსამყოფელი | თაროზე განთავსების ადგილი | შეძენის თარიღი | ღირებულება, შესყიდვის ნორმალური ფასი | სრული შენახვის შიფრი | შტრიხკოდი | ბოლო ოპერაციის თარიღი | ეგზემპლარის მიმდევრობითი ნომერი (კეტერი?) | ფასის ძალაში შესვლის თარიღი | ეგზემპლარის სახეობა | საჯარო შენიშვნა | Uniform Resource Identifier |
|---|---|---|---|---|---|---|---|---|---|---|---|---|---|---|---|---|---|
| ბათუმის შოთა რუსთაველის სახელმწიფო უნივერსიტეტის მთავარი ბიბლიოთეკა | ბათუმის შოთა რუსთაველის სახელმწიფო უნივერსიტეტის მთავარი ბიბლიოთეკა | წიგნსაცავი | 2018-12-17 | 3.00 | 39(479.22) გ-26 | 5710 | 2018-12-17 | 5710 | 2018-12-17 | წიგნი | 3 ლ. | ||||||
| ბათუმის შოთა რუსთაველის სახელმწიფო უნივერსიტეტის მთავარი ბიბლიოთეკა | ბათუმის შოთა რუსთაველის სახელმწიფო უნივერსიტეტის მთავარი ბიბლიოთეკა | წიგნსაცავი | 2018-12-17 | 3.00 | 39(479.22) გ-26 | 5711 | 2018-12-17 | 5711 | 2018-12-17 | წიგნი | 3 ლ. | ||||||
| ბათუმის შოთა რუსთაველის სახელმწიფო უნივერსიტეტის მთავარი ბიბლიოთეკა | ბათუმის შოთა რუსთაველის სახელმწიფო უნივერსიტეტის მთავარი ბიბლიოთეკა | წიგნსაცავი | 2018-12-17 | 3.00 | 39(479.22) გ-26 | 5856 | 2018-12-17 | 5856 | 2018-12-17 | წიგნი | 3 ლ. | ||||||
| ბათუმის შოთა რუსთაველის სახელმწიფო უნივერსიტეტის მთავარი ბიბლიოთეკა | ბათუმის შოთა რუსთაველის სახელმწიფო უნივერსიტეტის მთავარი ბიბლიოთეკა | წიგნსაცავი | 2023-06-30 | 4.00 | 39(479.22) გ-26 | 64884 | 2023-06-30 | 64884 | 2023-06-30 | წიგნი | 4.00 | ბსუ-ს საპატიო დოქტორის გურამ ლორთქიფანიძის საჩუქარი | |||||
| ბათუმის შოთა რუსთაველის სახელმწიფო უნივერსიტეტის მთავარი ბიბლიოთეკა | ბათუმის შოთა რუსთაველის სახელმწიფო უნივერსიტეტის მთავარი ბიბლიოთეკა | წიგნსაცავი | 2024-10-07 | 4.00 | 39(479.22) მ-26 | 69165 | 2024-10-07 | 69165 | 2024-10-07 | წიგნი | 4.00 | ნაჩუქარი |
